| 000 | 00469nab a2200145Ia 4500 | ||
|---|---|---|---|
| 003 | ES-SlBCS | ||
| 005 | 20210601150703.0 | ||
| 008 | 140529s2006 xxu||||| |||| 00| 0 spa d | ||
| 041 | _aspa | ||
| 100 | 1 |
_aBelderrain, Pedro _9235010 |
|
| 245 | 0 | 0 |
_aPara una sociedad más justa y fraterna. Propuestas desde Francia _c Pedro Belderrain |
| 650 | 0 | 4 |
_aSociedad Justa _9155915 |
| 773 | 0 |
_tVida Religiosa _gvol. 100 Cuaderno 6, nº. 6, 2006, págs. 47-54 _wRev493 |
|
| 942 | _cAR | ||
| 999 |
_c744980 _d744980 |
||